[Event "Kastoria op 1st"]
[Site "Kastoria"]
[Date "1996.07.21"]
[Round "5.19"]
[White "Petridis, Hristos"]
[Black "Kokkonis, Dimitrios"]
[Result "0-1"]
[WhiteElo "1360"]
[BlackElo "1545"]
[PlyCount "58"]
[EventDate "1996.07.17"]
[EventType "swiss"]
[EventRounds "9"]
[EventCountry "GRE"]
[SourceTitle "EXT 2024"]
[Source "ChessBase"]
[SourceDate "2023.10.10"]
[SourceVersion "1"]
[SourceVersionDate "2023.10.10"]
[SourceQuality "1"]

1. e4 d6 2. Bc4 Nf6 3. d3 g6 4. c3 Bg7 5. Qb3 e6 6. Nd2 0-0 7. Ngf3 b6 8. 0-0 Bb7 9. Re1 Nc6 10. d4 Re8 11. e5 d5 12. exf6 dxc4 13. Qxc4 Bxf6 14. Ne4 Na5 15. Nxf6+ Qxf6 16. Qxc7 Bxf3 17. gxf3 Qxf3 18. Re3 Qc6 19. Qe5 Qd5 20. Qf6 Qd8 21. Qf4 g5 22. Rg3 h6 23. Qe4 Qd5 24. Qg4 Qf5 25. Qh4 f6 26. Qxh6 Re7 27. Bxg5 fxg5 28. Rxg5+ Qxg5+ 29. Qxg5+ Rg7 0-1

[Event "Kastoria op 1st"]
[Site "Kastoria"]
[Date "1996.07.18"]
[Round "2.20"]
[White "Petridis, Hristos"]
[Black "Apostolou, Ioannis"]
[Result "0-1"]
[WhiteElo "1360"]
[BlackElo "1715"]
[PlyCount "94"]
[EventDate "1996.07.17"]
[EventType "swiss"]
[EventRounds "9"]
[EventCountry "GRE"]
[SourceTitle "EXT 2024"]
[Source "ChessBase"]
[SourceDate "2023.10.10"]
[SourceVersion "1"]
[SourceVersionDate "2023.10.10"]
[SourceQuality "1"]

1. e4 c5 2. Nc3 Nc6 3. d3 g6 4. Nge2 Bg7 5. Bd2 Nf6 6. g3 d6 7. Bg2 0-0 8. f4 e6 9. 0-0 Bd7 10. h3 Rb8 11. g4 b5 12. a3 a5 13. Ng3 c4 14. Be3 Ne8 15. Rb1 b4 16. Nce2 bxa3 17. bxa3 Rxb1 18. Qxb1 cxd3 19. cxd3 a4 20. g5 Nc7 21. h4 Qb8 22. h5 Qb2 23. Qxb2 Bxb2 24. Bc1 Rb8 25. Bxb2 Rxb2 26. Nc3 Nd4 27. Rb1 Rxb1+ 28. Nxb1 Ncb5 29. Nf1 Nc2 30. Nfd2 Ncxa3 31. Nxa3 Nxa3 32. h6 Nc2 33. Nb1 a3 34. Nc3 Nb4 35. d4 a2 36. Nxa2 Nxa2 37. d5 Nc3 38. Kf2 Kf8 39. Ke3 Nb5 40. Bh3 Ke7 41. dxe6 fxe6 42. f5 Be8 43. Kf4 exf5 44. exf5 Nc7 45. fxg6 Bxg6 46. Bf5 Bxf5 47. Kxf5 Kf7 0-1

[Event "Kastoria op 1st"]
[Site "Kastoria"]
[Date "1996.07.17"]
[Round "1.16"]
[White "Botsaris, Harry Dimitris"]
[Black "Petridis, Hristos"]
[Result "1-0"]
[WhiteElo "2180"]
[BlackElo "1360"]
[PlyCount "65"]
[EventDate "1996.07.17"]
[EventType "swiss"]
[EventRounds "9"]
[EventCountry "GRE"]
[SourceTitle "EXT 2024"]
[Source "ChessBase"]
[SourceDate "2023.10.10"]
[SourceVersion "1"]
[SourceVersionDate "2023.10.10"]
[SourceQuality "1"]

1. e4 e5 2. Nf3 Nc6 3. c3 Nf6 4. d4 exd4 5. e5 Ng4 6. cxd4 Bb4+ 7. Nc3 h5 8. Qa4 a6 9. Bd2 Bxc3 10. bxc3 d5 11. Bd3 Be6 12. Rb1 b5 13. Qc2 Qe7 14. a4 bxa4 15. Qxa4 Qd7 16. Bb5 axb5 17. Qxa8+ Nd8 18. 0-0 0-0 19. h3 Nh6 20. Bxh6 gxh6 21. Kh2 Kh7 22. Qa2 Bf5 23. Rbd1 Ne6 24. Nh4 Bxh3 25. Qc2+ Kh8 26. gxh3 Ng5 27. Qf5 Qe7 28. f4 Ne4 29. Qxh5 Qe6 30. f5 Qc6 31. f6 Ng5 32. Qxh6+ Nh7 33. Qg7# 1-0